000 00293 a2200109 4500
001 ART_17534
005 20260410161750.0
008 260409a
245 1 0 _aFive Minds for the Future
100 1 _aGardner, Howard
773 0 _tBook Summary
_g- NÂș 11 (ene. 2008)
_wREV4099
999 _c19591
_d19591